Column Tamam کالم تمام (Urdu) / (Record no. 593217)

000 -LEADER
fixed length control field 00340nam a22001217a 4500
040 ## - CATALOGING SOURCE
Transcribing agency NUST
082 ## - DEWEY DECIMAL CLASSIFICATION NUMBER
Classification number 070.442,QAS
100 ## - MAIN ENTRY--PERSONAL NAME
Personal name Qasmi, Qasmi Atta Ul Haq
9 (RLIN) 108894
245 ## - TITLE STATEMENT
Title Column Tamam کالم تمام (Urdu) /
Statement of responsibility, etc. Qasmi Atta Ul Haq Qasmi
260 ## - PUBLICATION, DISTRIBUTION, ETC.
Place of publication, distribution, etc. Lahore
Name of publisher, distributor, etc. Sang -e-Meel
Date of publication, distribution, etc. 2014
300 ## - PHYSICAL DESCRIPTION
Extent 984 p.;
942 ## - ADDED ENTRY ELEMENTS (KOHA)
Source of classification or shelving scheme
Koha item type Book
Call number prefix 070.442,QAS
Holdings
Withdrawn status Lost status Source of classification or shelving scheme Damaged status Not for loan Permanent Location Current Location Shelving location Date acquired Total Checkouts Full call number Barcode Date last seen Price effective from Koha item type Public note
          Military College of Signals (MCS) Military College of Signals (MCS) General Stacks 02/10/2023   070.442,QAS MCS37857 02/10/2023 02/10/2023 Book Almirah No.63, Shelf No.1
© 2023 Central Library, National University of Sciences and Technology. All Rights Reserved.